Business and human resource quality in the Czech Republic

Ekonomický vývoj a kvalita ľudských zdrojov v Českej republike. Charakteristika a štruktúra vzdelanosti. Analýza pracovných síl v Českej republike z pohľadu vzdelávania. Flexibilita ľudských zdrojov v jednotlivých regiónoch. Vzdelávací proces v meniacom sa prostredí inovácií a technológií.

Salvato in:
Dettagli Bibliografici
Autore principale: Guinn, Alan
Altri autori: Kratochvíl, Oldřich, Matušíková, Iveta
Natura: Capitolo di libro
Lingua:inglese
Soggetti:
Tags: Aggiungi Tag
Nessun Tag, puoi essere il primo ad aggiungerne!!

MARC

LEADER 00000naa$a2200000$$$4500
001 0114402
005 20230908080225.1
041 0 |a eng 
044 |a CZ 
245 1 0 |a Business and human resource quality in the Czech Republic  |c Alan Guinn, Oldřich Kratochvíl, Iveta Matušíková 
520 |a Ekonomický vývoj a kvalita ľudských zdrojov v Českej republike. Charakteristika a štruktúra vzdelanosti. Analýza pracovných síl v Českej republike z pohľadu vzdelávania. Flexibilita ľudských zdrojov v jednotlivých regiónoch. Vzdelávací proces v meniacom sa prostredí inovácií a technológií. 
610 2 0 |a Česko 
610 2 0 |a riadenie ľudských zdrojov 
610 2 0 |a riadenie kvality 
610 2 0 |a regióny 
610 2 0 |a vzdelanosť 
610 2 0 |a ekonomika vedomostná 
610 2 0 |a reengineering 
610 2 0 |a trh práce 
610 2 0 |a zamestnanosť 
100 1 |a Guinn, Alan 
700 1 |a Kratochvíl, Oldřich 
700 1 |a Matušíková, Iveta